Insect hormones /
| Main Author: | |
|---|---|
| Format: | Book |
| Language: | English German Czech |
| Published: |
London :
Methuen,
1966.
|
| Edition: | [3rd (1st English) ed.]. |
| Subjects: |
MARC
| Tag | First Indicator | Second Indicator | Subfields |
|---|---|---|---|
| LEADER | 00000cam a22000001 4500 | ||
| 001 | in00000047855 | ||
| 005 | 20151007075551.0 | ||
| 008 | 740813s1966 enk b 00010 eng | ||
| 010 | |a 66069494 | ||
| 015 | |a B66-23211 | ||
| 035 | |a (OCoLC)01297703 | ||
| 035 | |9 AAF3442AM | ||
| 040 | |a DLC |c DLC |d TXA |d UtOrBLW | ||
| 041 | 1 | |a eng |a ger |a cze | |
| 049 | |a TXAM |c 1 [473209] |c 2 [473210] | ||
| 050 | 0 | 0 | |a QP187 |b .N613 |
| 082 | 0 | |a 595.701927 | |
| 092 | |a 595.7 |b N935i, 1966 | ||
| 100 | 1 | |a Novák, Vladimír J. A. | |
| 245 | 1 | 0 | |a Insect hormones / |c [by] V. J. A. Novak. |
| 250 | |a [3rd (1st English) ed.]. | ||
| 264 | 1 | |a London : |b Methuen, |c 1966. | |
| 300 | |a xviii, 478 pages ; |c 23 cm. | ||
| 336 | |a text |b txt |2 rdacontent | ||
| 337 | |a unmediated |b n |2 rdamedia | ||
| 338 | |a volume |b nc |2 rdacarrier | ||
| 500 | |a The German edition, Insektenhormone, was translated from the Czech original, Harmony hmyzu. | ||
| 504 | |a Bibliography: pages 309-440. | ||
| 650 | 0 | |a Endocrinology. | |
| 650 | 0 | |a Insects |x Physiology. | |
| 999 | |a MARS | ||
| 999 | f | f | |s c3a01f40-ad28-31d5-aec4-334654efb4d5 |i 612e80e0-d000-3f69-84b1-52d0681d3387 |t 0 |
| 952 | f | f | |p ric |a Texas A&M University |b Rellis Campus |c Joint Library Facility |d Remote Storage |t 0 |e QP187 .N613 |h Library of Congress classification |i unmediated -- volume |m A14801013435 |
| 998 | f | f | |a QP187 .N613 |t 0 |l Remote Storage |